|
|
|
|
| LEADER |
00000nam0a2200000 4500 |
| 001 |
54468 |
| 005 |
20231031050634.0 |
| 010 |
|
|
|a 5887823054
|
| 035 |
|
|
|a (RuTPU)RU\TPU\book\57119
|
| 090 |
|
|
|a 54468
|
| 100 |
|
|
|a 20030811d2002 m y0rusy50 ca
|
| 101 |
1 |
|
|a rus
|
| 102 |
|
|
|a RU
|
| 105 |
|
|
|a y z 001zy
|
| 200 |
1 |
|
|a Конкурентный маркетинг. Стратегический подход
|e пер. с англ.
|f Дж. О"Шонесси
|
| 205 |
|
|
|a 2-е изд.
|
| 210 |
|
|
|a СПб.
|c Питер
|d 2002
|
| 215 |
|
|
|a 857 с.
|
| 225 |
1 |
|
|a Бизнес-класс
|
| 320 |
|
|
|a Именной указатель: с. 828-830
|
| 320 |
|
|
|a Предметный указатель: с. 830-853
|
| 320 |
|
|
|a Указатель фирм и торговых марок: с. 853-857
|
| 451 |
|
1 |
|0 (RuTPU)RU\TPU\book\42969
|y 5-318-00030-4
|t Конкурентный маркетинг: стратегический подход
|o пер. с англ.
|f Дж. О' Шонесси
|c СПб.
|n Питер
|d 2001
|p 864 с.
|s Бизнес-класс
|a О' Шонесси, Джон
|
| 610 |
1 |
|
|a экономика
|
| 610 |
1 |
|
|a маркетинг
|
| 610 |
1 |
|
|a конкуренция
|
| 610 |
1 |
|
|a конкурентный маркетинг
|
| 610 |
1 |
|
|a рынок
|
| 610 |
1 |
|
|a покупатели
|
| 610 |
1 |
|
|a товары
|
| 610 |
1 |
|
|a реклама
|
| 610 |
1 |
|
|a сегментирование
|
| 610 |
1 |
|
|a позиционирование
|
| 610 |
1 |
|
|a управление
|
| 610 |
1 |
|
|a планирование
|
| 610 |
1 |
|
|a сбыт
|
| 610 |
1 |
|
|a ценообразование
|
| 610 |
1 |
|
|a организация
|
| 610 |
1 |
|
|a стратегический маркетинг
|
| 610 |
1 |
|
|a реинжиниринг
|
| 686 |
|
|
|a У821.4
|v LBC/SL-A
|2 rubbk
|
| 700 |
|
1 |
|a О"Шонесси
|b Дж.
|g Джон
|
| 801 |
|
1 |
|a RU
|b 63413507
|c 20030811
|g PSBO
|
| 801 |
|
2 |
|a RU
|b 63413507
|c 20031002
|g PSBO
|
| 801 |
|
2 |
|a RU
|b 63413507
|c 20121112
|g PSBO
|
| 900 |
|
|
|a Маркетинг в социально-культурном сервисе и туризме
|
| 900 |
|
|
|a Управление конкурентоспособностью
|
| 942 |
|
|
|c BK
|